• 首页
  • 本馆介绍
  • 公告通知
  • 最新文献
  • 馆藏检索
  • 电子资源
  • 读者导购
  • 参考咨询
  • 我的图书馆
  • 登录
  • 详细信息显示
  • 放入我的书架
  • 预约/预借图书
  • 作者相关作品
  • 分类相关作品
  • 丛书相关作品
  • 出版社相关作品

书目信息

  • 表格格式
  • 工作单格式
  • 卡片格式
题名:
儿童·国家·未来
    
 
作者: 虞永平 , 王海英 , 张斌 著
分册:  
出版信息: 南京   南京师范大学出版社  2020.8
页数: 600页
开本: 24cm
丛书名: 学前教育体制机制改革研究丛书
单 册:
中图分类: G619.21
科图分类:
主题词: 学前教育--教育体制改革--研究--中国
电子资源:
ISBN: 978-7-5651-4705-0
000 01580nam2 2200361 45
001 012001001761
005 20140821130734.0
010    @a978-7-5651-4705-0@dCNY98.00
100    @a20201030d2020 em y0chiy0110 ea
101 0  @achi
102    @aCN@b320000
105    @ay z 000yy
106    @ar
200 1  @a儿童·国家·未来@Aer tong·guo jia·wei lai@e学前教育体制机制改革研究@f虞永平, 王海英, 张斌等著
210    @a南京@c南京师范大学出版社@d2020.8
215    @a600页@d24cm
225 2  @a学前教育体制机制改革研究丛书@f虞永平主编
300    @a教育部哲学社会科学研究重大课题攻关项目
300    @a并列题名:Research on the reform of policy and system in early childhood education
300    @a其他题名:学前教育体制机制改革研究
312    @a封面英文题名:Research on the reform of policy and system in early childhood education
330    @a本书把视角置于宏观的儿童与国家关系之上,在此基础上梳理当前我国学前教育体制机制改革的问题与经验,在总结经验的基础上指向未来,为建构更为合理的学前教育体制机制提供可行的思路与建议。
410  0 @12001 @a学前教育体制机制改革研究丛书
461  0 @12001 @a学前教育体制机制改革研究丛书@1701 0@a虞永平主编
510 1  @aResearch on the reform of policy and system in early childhood education@zeng
517 1  @a学前教育体制机制改革研究
606 0  @a学前教育@x教育体制改革@x研究@y中国
690    @aG619.21@v5
701  0 @a虞永平@Ayu yong ping@f(1962-)@4著
701  0 @a王海英@Awang hai ying@c(学前教育)@f(1977-)@4著
701  0 @a张斌@Azhang bin@4著
801    @aCN@bAHXH@c20210922
905    @b1252622-6@dG619.21@e1989@f5
    
    儿童·国家·未来:学前教育体制机制改革研究/虞永平, 王海英, 张斌等著.-南京:南京师范大学出版社,2020.8
    600页;24cm.-(学前教育体制机制改革研究丛书/虞永平主编)
    教育部哲学社会科学研究重大课题攻关项目.-并列题名:Research on the reform of policy and system in early childhood education.-其他题名:学前教育体制机制改革研究
    
    ISBN 978-7-5651-4705-0:CNY98.00
    本书把视角置于宏观的儿童与国家关系之上,在此基础上梳理当前我国学前教育体制机制改革的问题与经验,在总结经验的基础上指向未来,为建构更为合理的学前教育体制机制提供可行的思路与建议。
●
相关链接 在E读中查询图书 在五车中查询图书 在当当中查询图书 在豆瓣中查询图书


正题名:儿童·国家·未来     索取号:G619.21/1989         预约/预借

序号 登录号 条形码 馆藏地/架位号 状态 备注
1 1252622   212526220   第一样本阅览室/ [索取号:G619.21/1989] 在馆    
2 1252623   212526239   教育系资料室/ [索取号:G619.21/1989] 在馆    
3 1252624   212526248   教育系资料室/ [索取号:G619.21/1989] 在馆    
4 1252625   212526257   第四借阅区/ [索取号:G619.21/1989] 在馆    
5 1252626   212526266   第四借阅区/ [索取号:G619.21/1989] 在馆    
唐山师范学院图书馆 欢迎您!
大连网信软件有限公司© 版权所有